| 000 | 00541nam a2200181Ia 4500 | ||
|---|---|---|---|
| 003 | SGT | ||
| 020 | _a9780071077705 | ||
| 082 | _a004.6,GOD | ||
| 100 | _aGodbole,Achyut | ||
| 245 | _aData communications and networks | ||
| 250 | _a2nd Ed. | ||
| 260 |
_bTata McGraw Hill Education Private Limited _aNew Delhi _c2011 |
||
| 300 | _a540p. | ||
| 650 | _aCOMPUTER SCIENCE | ||
| 653 | _aARCHITECTURE AND MACHINES,TIME,AREA AND INSTRUCTION SET,CACHE MEMORY NOTION,MEMORY SYSTEM DESIGN,APPENDICES | ||
| 700 | _aKahate,Atul | ||
| 942 |
_2ddc _cBK _013 |
||
| 999 |
_c5452 _d5452 |
||